000
00269nmm a2200085Ia 4500
008
220120s9999||||xx |||||||||||||||||und||
100
_a
Open source for you
245
0
_a
Kali linux 2.019.1, multimedia, plex, emby, kodi, open sense
260
_a
Coorg Institute of Technology
999
_c
140096
_d
140096